Insolvency and Bankruptcy Laws : national and international perspectives (Record no. 547104)

MARC details
000 -LEADER
fixed length control field 00504nam a2200169Ia 4500
008 - FIXED-LENGTH DATA ELEMENTS--GENERAL INFORMATION
fixed length control field 240825s9999 xx 000 0 und d
020 ## - INTERNATIONAL STANDARD BOOK NUMBER
ISBN 9789392630699
Paper back/Hardbound hbk
082 ## - DEWEY DECIMAL CLASSIFICATION NUMBER
Classification number 346.078 BIS
100 ## - MAIN ENTRY--AUTHOR NAME
Personal name Biswal, Mamata
245 #0 - TITLE STATEMENT
Title Insolvency and Bankruptcy Laws : national and international perspectives
Statement of responsibility, etc / Mamata Biswal
250 ## - EDITION STATEMENT
Edition statement 1st edition
260 ## - PUBLICATION, DISTRIBUTION, ETC. (IMPRINT)
Name of publisher Thomson Reuters, India, 2022.
300 ## - PHYSICAL DESCRIPTION
Number of Pages xli, 363 pages; 23cm.
650 ## - SUBJECT ADDED ENTRY--TOPICAL TERM
Topical Term Private law
942 ## - ADDED ENTRY ELEMENTS (KOHA)
Koha item type English Books
Holdings
Withdrawn status Lost status Damaged status Not for loan Home library Current library Shelving location Date acquired Full call number Accession Number Price effective from Koha item type
        Anna Centenary Library Anna Centenary Library 4TH FLOOR, A WING 25.08.2024 346.078 BIS 674616 25.08.2024 English Books

Find us on the map